| 000 | 00935 a2200169 4500 | ||
|---|---|---|---|
| 003 | NUST | ||
| 005 | 20221205124338.0 | ||
| 040 | _cNust | ||
| 082 | _a027,FOS | ||
| 100 |
_aFoskett, D.J. _9104131 |
||
| 245 |
_aInformation Service in Libraries / _cD.J.Foskett, |
||
| 260 |
_aNew Delhi _bAnmol Publication Pvt Ltd _c1992 |
||
| 300 | _a142, p.: | ||
| 505 | _aThe Origins of Information Services in Libraries (Page-1), The Role of the Information Officer (Page-13). Selection and Acquisition of Stock (Page-22). Arrangement and Indexing (Page-35). Dissemination of Information (Page-55). Reference Service (Page-72). Other Services (Page-90). The Education Role of an Information Service (Page-100). Reports and Correspondence Registries (Page-108). Training and Qualification for Information Work (Page-123). Future Developments in Information Service (Page-133). | ||
| 650 |
_aService in Libraries _9104132 |
||
| 942 |
_2ddc _cBK _k027,FOS |
||
| 999 |
_c195254 _d195254 |
||